มุมมองปกติ
มุมมองแบบ MARC
- ชินะพันธ์ งามวงษ์น้อย
รายการ Personal Name
001 - CONTROL NUMBER
- control field: 46265
003 - CONTROL NUMBER IDENTIFIER
- control field: NALT
005 - DATE AND TIME OF LATEST TRANSACTION
- control field: 20200717115304.0
008 - FIXED-LENGTH DATA ELEMENTS
- fixed length control field: 200717|| aca||aabn | a|a d
040 ## - CATALOGING SOURCE
- Original cataloging agency: NALT
100 ## - HEADING--PERSONAL NAME
- Personal name: ชินะพันธ์ งามวงษ์น้อย
